UGC NET/SLET Tourism / (Record no. 196206)

MARC details
000 -LEADER
fixed length control field 00387nam a22001577a 4500
005 - DATE AND TIME OF LATEST TRANSACTION
control field 20230606154336.0
010 ## - LCCN (DPL NO)
LC control number B-680733
020 ## - INTERNATIONAL STANDARD BOOK NUMBER
Terms of availability 475.00
035 ## - SYSTEM CONTROL NUMBER
System control number B-680733
082 ## - DEWEY DECIMAL CLASSIFICATION NUMBER
Classification number 000
245 ## - TITLE STATEMENT
Title UGC NET/SLET Tourism /
260 ## - PUBLICATION, DISTRIBUTION, ETC. (IMPRINT)
Place of publication, distribution, etc Delhi
Name of publisher, distributor, etc Pansy Books
270 ## - ADDRESS
Address Somesh Vihar,Chhawla,
City Delhi
Postal code 110071
300 ## - PHYSICAL DESCRIPTION
Extent vp.
Dimensions 22cm
942 ## - ADDED ENTRY ELEMENTS (KOHA)
Source of classification or shelving scheme Dewey Decimal Classification
Item type English Books
Call number suffix UGC
Classification part 000
Holdings
Withdrawn status Lost status Not for loan Collection code Home library Current library Date acquired Cost, normal purchase price Full call number Barcode Copy number Cost, replacement price Koha item type
      Non-fiction Sarojini Nagar Sarojini Nagar 06/06/2023 475.00 000 UGC B-680733 1 475.00 English Books

© Delhi Public Library
Hit Counter
free hit counter